| 000 | 00341nam a22001457a 4500 | ||
|---|---|---|---|
| 020 | _a978-93-90010-12-7 | ||
| 082 |
_a894.812.3 _bKAK/K |
||
| 100 | _aKAKKANANDAN | ||
| 245 | _aKOZHI | ||
| 260 |
_aKOTTAYAM _bSAHITHYA PRAVARTHAKA CO-OPERATIVE _c2020 |
||
| 300 | _a59 | ||
| 520 | _aMALAYALAM STORY | ||
| 650 | _aMALAYALAM STORY | ||
| 942 | _cBK | ||
| 999 |
_c7055 _d7055 |
||